[Event "chess.com Speed 1m+1spm 2017"]
[Site "chess.com INT"]
[Date "2017.11.21"]
[Round "3.20"]
[White "Carlsen, Magnus"]
[Black "Grischuk, Alexander"]
[Result "1-0"]
[WhiteTitle "GM"]
[BlackTitle "GM"]
[WhiteElo "2832"]
[BlackElo "2750"]
[WhiteFideId "1503014"]
[BlackFideId "4126025"]
[EventDate "2017.05.03"]

1. e4 e6 2. d4 d5 3. Nc3 Nf6 4. Bg5 dxe4 5. Nxe4 Be7 6. Bxf6 gxf6 7. Nf3 f5 8.
Nc3 a6 9. Qd2 b5 10. O-O-O b4 11. Na4 Qd5 12. b3 Bd7 13. Bc4 Qd6 14. d5 e5 15.
Rhe1 e4 16. Nd4 O-O 17. f3 exf3 18. gxf3 Kh8 19. f4 Bf6 20. Kb1 Bxa4 21. bxa4
Nd7 22. Nxf5 Qc5 23. Qd3 b3 24. cxb3 Nb6 25. d6 Qa3 26. Re2 Rad8 27. Bxa6 cxd6
28. Bb5 d5 29. Nd4 Rc8 30. Rc2 Rxc2 31. Qxc2 Rc8 32. Nc6 d4 33. Qf5 Bg7 34. a5
d3 35. Rd2 Re8 36. Ne5 Rxe5 37. fxe5 Qxa5 38. Qxd3 Bxe5 39. Qd8+ Kg7 40. Qg5+ 1-0

[Event "chess.com Speed 1m+1spm 2017"]
[Site "chess.com INT"]
[Date "2017.11.21"]
[Round "3.21"]
[White "Grischuk, Alexander"]
[Black "Carlsen, Magnus"]
[Result "1-0"]
[WhiteTitle "GM"]
[BlackTitle "GM"]
[WhiteElo "2750"]
[BlackElo "2832"]
[WhiteFideId "4126025"]
[BlackFideId "1503014"]
[EventDate "2017.05.03"]

1. e4 g6 2. d4 Bg7 3. Nf3 d6 4. Bd3 Nf6 5. O-O O-O 6. Re1 Nc6 7. d5 Nb8 8. h3
Nbd7 9. c4 Nc5 10. Bc2 a5 11. Nc3 e5 12. Bg5 Qe8 13. Nb5 Qe7 14. b3 Kh8 15. a3
Na6 16. b4 Bd7 17. Qd2 Qe8 18. Bd3 Nh5 19. Rab1 f5 20. exf5 gxf5 21. Be2 Nf6 22.
Nc3 Qf7 23. c5 Ne4 24. Qc1 Nxc3 25. Qxc3 axb4 26. axb4 e4 27. Nd4 f4 28. c6 bxc6
29. dxc6 Bf5 30. Bxf4 e3 31. Bxe3 Bxb1 32. Rxb1 Nb8 33. b5 Qg6 34. Rd1 Be5 35.
Bg4 Ra4 36. Qb3 Ra8 37. Ne6 Qf7 38. Qd5 Re8 39. f4 Bf6 40. f5 Ra3 41. Bd4 Ra4
42. Bxf6+ Qxf6 43. Nxc7 Re5 44. Qd2 Rae4 45. Nd5 Qh4 46. c7 1-0

[Event "chess.com Speed 1m+1spm 2017"]
[Site "chess.com INT"]
[Date "2017.11.21"]
[Round "3.22"]
[White "Carlsen, Magnus"]
[Black "Grischuk, Alexander"]
[Result "1-0"]
[WhiteTitle "GM"]
[BlackTitle "GM"]
[WhiteElo "2832"]
[BlackElo "2750"]
[WhiteFideId "1503014"]
[BlackFideId "4126025"]
[EventDate "2017.05.03"]

1. Nf3 Nf6 2. g3 g6 3. b3 Bg7 4. Bb2 d6 5. d4 O-O 6. Bg2 Nbd7 7. O-O Re8 8. c4
e5 9. dxe5 Ng4 10. Nc3 dxe5 11. e4 c6 12. Qc2 Qe7 13. Rad1 Nc5 14. Ba3 b6 15.
Na4 f5 16. Nxc5 bxc5 17. Ne1 f4 18. Nd3 Qf7 19. Bxc5 g5 20. f3 Nf6 21. g4 h5 22.
h3 hxg4 23. hxg4 Nxg4 24. fxg4 Bxg4 25. Nf2 Be6 26. Qe2 Qg6 27. Bf3 a5 28. Bh5
Qh7 29. Kg2 g4 30. Bxg4 Qg6 31. Rg1 a4 32. Kf1 axb3 33. axb3 Reb8 34. Bxe6+ Qxe6
35. Qg4 Qxg4 36. Rxg4 Rb7 37. b4 Kf7 38. Rd6 Bf8 39. Rxc6 Bxc5 40. Rxc5 Rxb4 41.
Rxe5 1-0

[Event "chess.com Speed 1m+1spm 2017"]
[Site "chess.com INT"]
[Date "2017.11.21"]
[Round "3.23"]
[White "Grischuk, Alexander"]
[Black "Carlsen, Magnus"]
[Result "0-1"]
[WhiteTitle "GM"]
[BlackTitle "GM"]
[WhiteElo "2750"]
[BlackElo "2832"]
[WhiteFideId "4126025"]
[BlackFideId "1503014"]
[EventDate "2017.05.03"]

1. e4 e5 2. Nf3 Nc6 3. Bc4 Bc5 4. b4 Bb6 5. a4 a6 6. Nc3 Nf6 7. Nd5 d6 8. Nxb6
cxb6 9. d3 O-O 10. O-O Nxb4 11. c3 Nc6 12. Bg5 h6 13. Bh4 Be6 14. Bxe6 fxe6 15.
Rb1 Na5 16. d4 Qc7 17. Qd3 Rac8 18. Rfc1 Nh5 19. Bg3 Nf4 20. Bxf4 exf4 21. c4
Nxc4 22. d5 e5 23. Qb3 Qc5 24. h3 b5 25. axb5 axb5 26. Qxb5 Qxb5 27. Rxb5 Rc7
28. Nh4 Rfc8 29. Nf5 Nd2 30. Rxc7 Rxc7 31. f3 Nc4 32. Kf2 h5 33. Ke2 g6 34. Nh4
Kg7 35. Kd3 Kf6 36. Rb4 b5 37. Rxb5 Kg5 38. Rb4 Kxh4 39. Rxc4 Rxc4 40. Kxc4 Kg3
41. Kb5 Kxg2 42. Kc6 Kxf3 43. Kxd6 Kxe4 44. Kc6 f3 45. d6 f2 46. d7 f1=Q 47.
d8=Q Qc4+ 0-1

[Event "chess.com Speed 1m+1spm 2017"]
[Site "chess.com INT"]
[Date "2017.11.21"]
[Round "3.24"]
[White "Carlsen, Magnus"]
[Black "Grischuk, Alexander"]
[Result "0-1"]
[WhiteTitle "GM"]
[BlackTitle "GM"]
[WhiteElo "2832"]
[BlackElo "2750"]
[WhiteFideId "1503014"]
[BlackFideId "4126025"]
[EventDate "2017.05.03"]

1. e4 e6 2. d4 d5 3. exd5 exd5 4. Nf3 Nf6 5. Bd3 Bd6 6. Qe2+ Be6 7. c4 dxc4 8.
Bxc4 Qe7 9. O-O O-O 10. Nc3 Re8 11. Bg5 h6 12. Bh4 Nbd7 13. Rfe1 Qf8 14. Bxe6
Rxe6 15. Qb5 a6 16. Qxb7 Rb8 17. Qa7 Ra8 18. Qb7 Rb8 19. Qa7 Qc8 20. Bxf6 Ra8
21. Qxa8 Qxa8 22. Rxe6 fxe6 23. Be5 Qb7 24. b3 Bb4 25. Rc1 Qc6 26. Ne2 Qb5 27.
Ng3 c5 28. h4 Ba3 29. Rc4 Nb6 30. Rc2 c4 31. Nd2 cxb3 32. axb3 Bf8 33. Nge4 a5
34. g3 Qd3 35. Rc3 Qb5 36. Rf3 Nd5 37. Kg2 Be7 38. Nc4 a4 39. Ncd6 Qa6 40. bxa4
Qxa4 41. Rf7 Bf8 42. Rb7 Qc2 43. Rb8 Ne3+ 44. Kh3 Nf5 45. Kg2 Qe2 46. Kg1 Qd1+
47. Kg2 Qe2 48. Kg1 Qf3 49. Nxf5 exf5 50. Nd6 f4 51. Bxf4 Qd1+ 52. Kg2 Qxd4 53.
Nf5 Qd5+ 54. Kh2 Qxf5 55. Bd6 Qxf2+ 56. Kh3 Qf1+ 57. Kh2 Qe2+ 58. Kh3 Qe6+ 0-1

[Event "chess.com Speed 1m+1spm 2017"]
[Site "chess.com INT"]
[Date "2017.11.21"]
[Round "3.25"]
[White "Grischuk, Alexander"]
[Black "Carlsen, Magnus"]
[Result "0-1"]
[WhiteTitle "GM"]
[BlackTitle "GM"]
[WhiteElo "2750"]
[BlackElo "2832"]
[WhiteFideId "4126025"]
[BlackFideId "1503014"]
[EventDate "2017.05.03"]

1. e4 e6 2. d4 d5 3. e5 c5 4. c3 Nc6 5. Nf3 Bd7 6. Be2 Nge7 7. O-O Ng6 8. g3 Be7
9. h4 O-O 10. h5 Nh8 11. h6 g6 12. c4 cxd4 13. cxd5 exd5 14. Na3 f6 15. exf6
Bxf6 16. Nb5 Nf7 17. Bf4 g5 18. Bc7 Qe7 19. Re1 Rae8 20. Rc1 a6 21. Nbxd4 Bxd4
22. Nxd4 Qf6 23. Bb6 Nxh6 24. Nxc6 Bxc6 25. Bd4 Qg6 26. Qd2 Nf5 27. Bg4 Nxd4 28.
Qxd4 Qf6 29. Qxf6 Rxf6 30. Rxe8+ Bxe8 31. Rc8 Rf8 32. Rc7 Bc6 33. Be6+ Kh8 34.
Kf1 d4 35. Bc4 h5 36. Bxa6 h4 37. gxh4 gxh4 38. Bd3 Rf4 39. b4 Kg8 40. b5 Bd5
41. Rd7 Bxa2 42. Rxb7 h3 43. Kg1 Rg4+ 44. Kh2 Be6 45. Bf1 Rf4 46. Kg3 Rg4+ 47.
Kh2 Rf4 48. Kg3 Rg4+ 49. Kh2 Rf4 50. Bxh3 Rh4 51. Kg3 Rxh3+ 52. Kf4 d3 53. Rb8+
Kf7 54. Rd8 Ke7 55. Ra8 d2 56. Ra1 Rd3 0-1